000 00788nam a22002297a 4500
003 UA-OsUOA
001 48026
007 ta
008 20121115b un ||||| |||| 00| 0 ukr d
090 _a082
_bД53
942 _cBK
040 _aUA-OsUOA
_bukr
_cUA-OsUOA
_dUA-OsUOA
245 _aДмитро Чижевський і світова славістика: матеріали наукового семінару Дрогобич, 17-18 травня 2003 року
300 _a444 с.
955 _a1
041 _aukr
080 _a082
260 _aДрогобич
_bКоло
_c2003
650 7 _a08 Видання. Колективні праці
_2UDC
999 _c428127
_d428127